000 00293nam a22001217a 4500
003 OSt
005 20230613090601.0
008 220804b xxu||||| |||| 00| 0 eng d
040 _cIIMT UNIVERSITY
100 _aPANDIT SHRI RAM SHARMA ACHRYA
245 _aMARYADA PURSHOTAM RAM
942 _2ddc
_c09
999 _c54715
_d54715